[Event "15. Offene HH Senioren EM 2008"]
[Site "Hamburg"]
[Date "2008.10.31"]
[Round "5.25"]
[White "Bartlitz, Heinz"]
[Black "Manowski, Werner"]
[Result "1/2-1/2"]
[WhiteElo "1841"]
[BlackElo "1403"]
[PlyCount "231"]
[EventDate "2008.??.??"]
[WhiteTeam "Bramfelder SK 1947"]
[BlackTeam "Langenhorner SF 1928"]

1. e4 e6 2. Nc3 d5 3. exd5 exd5 4. d4 g6 5. Be3 Bg7 6. h3 Ne7 7. Bb5+ c6 8. Bd3
O-O 9. Nce2 Re8 10. c3 Nd7 11. Nf3 Nf6 12. Ng3 Bd7 13. O-O Qc8 14. Kh2 Qc7 15.
Kg1 Kh8 16. Qd2 Neg8 17. Bf4 Qc8 18. Ng5 Nh6 19. Rae1 Ne4 20. N5xe4 dxe4 21.
Nxe4 Nf5 22. Ng5 Kg8 23. Bxf5 Bxf5 24. g4 Bd7 25. Rxe8+ Qxe8 26. Re1 Qd8 27.
Qc2 h6 28. Nf3 Bxg4 29. hxg4 Qd5 30. Qe4 Qxa2 31. Re2 Qc4 32. Re3 Qb3 33. Re2
Qc4 34. Nd2 Qb5 35. Nf3 b6 36. b4 Rc8 37. Qe7 Bf8 38. Qe3 Bg7 39. Qd2 a5 40.
bxa5 bxa5 41. Qe1 a4 42. Re8+ Rxe8 43. Qxe8+ Kh7 44. Qxf7 Qd5 45. Qxd5 cxd5 46.
Bd6 Kg8 47. Ne1 Kf7 48. Nd3 Bf8 49. Bxf8 Kxf8 50. Nb4 a3 51. Kf1 h5 52. gxh5
gxh5 53. Kg2 Kf7 54. Kg3 Ke6 55. Kh4 Kf5 56. f3 Kf4 57. Nxd5+ Kxf3 58. Nb4 Kf4
59. Kxh5 Kf5 60. Na2 Ke4 61. Kg4 Kd5 62. Kf4 Kc4 63. Ke4 Kb3 64. d5 Kxa2 65. d6
Kb2 66. d7 a2 67. d8=Q a1=Q 68. Qb6+ Kc2 69. Qf2+ Kb3 70. Qb6+ Kc2 71. c4 Qe1+
72. Kd5 Qh1+ 73. Kc5 Qg1+ 74. Kb5 Qg5+ 75. c5 Qd5 76. Ka6 Qa2+ 77. Kb7 Qf7+ 78.
Kc8 Qf8+ 79. Kb7 Qf7+ 80. Qc7 Qb3+ 81. Kc8 Qe6+ 82. Kb8 Qg8+ 83. Kb7 Qb3+ 84.
Qb6 Qf7+ 85. Ka6 Qa2+ 86. Qa5 Qe6+ 87. Kb7 Qf7+ 88. Kb6 Qb3+ 89. Qb5 Qe3 90.
Qc4+ Kb2 91. Qb4+ Kc2 92. Qa4+ Kb2 93. Qc6 Kc3 94. Kb7 Qe7+ 95. Qc7 Qe4+ 96. c6
Qb4+ 97. Ka8 Qf8+ 98. Kb7 Qb4+ 99. Qb6 Qe4 100. Qa5+ Kb3 101. Qd8 Kb4 102. Qd6+
Kc3 103. Qa3+ Kc2 104. Qa2+ Kc3 105. Qa3+ Kc2 106. Qd6 Kc3 107. Kc8 Qf5+ 108.
Qd7 Qf8+ 109. Kc7 Qf4+ 110. Kb7 Qb4+ 111. Ka8 Qa4+ 112. Kb8 Qb4+ 113. Qb7 Qf8+
114. Ka7 Qc5+ 115. Qb6 Qa3+ 116. Qa6 1/2-1/2

[Event "15. Offene HH Senioren EM 2008"]
[Site "Hamburg"]
[Date "2008.11.01"]
[Round "6.1"]
[White "Soltau, Achim"]
[Black "Hawranke, Dietrich"]
[Result "1/2-1/2"]
[WhiteElo "1950"]
[BlackElo "2127"]
[PlyCount "118"]
[EventDate "2008.??.??"]
[WhiteTeam "SK Johanneum Eppendorf"]
[BlackTeam "Pinneberger SC 1932 eV"]

1. d4 Nf6 2. Nf3 g6 3. c4 Bg7 4. Nc3 d5 5. Bg5 Ne4 6. cxd5 Nxg5 7. Nxg5 e6 8.
Qd2 h6 9. Nf3 exd5 10. e3 O-O 11. Be2 c6 12. O-O Nd7 13. b4 a6 14. a4 Nf6 15.
Bd3 Re8 16. Qc2 Qe7 17. Rfb1 Ne4 18. Bxe4 dxe4 19. Nd2 Bf5 20. Nb3 Qg5 21. b5
Bh3 22. g3 axb5 23. axb5 Rxa1 24. Rxa1 Qf5 25. f4 exf3 26. Qxf5 Bxf5 27. Kf2
Bc2 28. Ra3 Bf8 29. Nc5 b6 30. Ra2 Bf5 31. Na6 cxb5 32. Nxb5 Be4 33. Nac7 Rb8
34. Ra4 f5 35. d5 Bc5 36. h4 g5 37. hxg5 hxg5 38. g4 Rd8 39. gxf5 Bxf5 40. Kxf3
Bc2 41. Ra8 Bd1+ 42. Kf2 Rxa8 43. Nxa8 Kf7 44. Nac7 Ke7 45. Ne6 g4 46. Ned4
Bxd4 47. Nxd4 Kd6 48. Nb5+ Kc5 49. Nc3 Bf3 50. e4 b5 51. d6 Kxd6 52. Nxb5+ Ke5
53. Kg3 Kxe4 54. Nd6+ Ke5 55. Nf7+ Kf6 56. Nh6 Kg5 57. Nf7+ Kf6 58. Nh6 Kg5 59.
Nf7+ Kf6 1/2-1/2

[Event "15. Offene HH Senioren EM 2008"]
[Site "Hamburg"]
[Date "2008.11.01"]
[Round "6.2"]
[White "Strenzke, Guenter"]
[Black "Putzbach, Gerd"]
[Result "1/2-1/2"]
[WhiteElo "1976"]
[BlackElo "2297"]
[PlyCount "76"]
[EventDate "2008.??.??"]
[WhiteTeam "SV Großhansdorf"]
[BlackTeam "Niendorfer TSV 1919 SAbt"]

1. d4 d5 2. c4 dxc4 3. Nf3 a6 4. e3 Nf6 5. Bxc4 b5 6. Bb3 Bb7 7. O-O e6 8. Qe2
Nbd7 9. Nc3 Be7 10. a3 c5 11. Rd1 Qb6 12. Bc2 O-O 13. b3 Rac8 14. Bb2 Rc7 15.
Rac1 Rfc8 16. dxc5 Rxc5 17. b4 Rxc3 18. Bxc3 Rxc3 19. Bxh7+ Kxh7 20. Rxc3 Nd5
21. Qc2+ f5 22. Rcd3 Bf6 23. Rxd5 Bxd5 24. Rxd5 exd5 25. Qxf5+ Kh6 26. Qxd7 Bb2
27. Qh3+ Kg6 28. Nh4+ Kf7 29. Qd7+ Kf8 30. Nf5 Qf6 31. Nd6 Kg8 32. Qe8+ Kh7 33.
Qh5+ Qh6 34. Qxd5 Bxa3 35. g3 Qg6 36. Nf7 Bxb4 37. Ng5+ Kh6 38. Nf7+ Kh7
1/2-1/2

[Event "15. Offene HH Senioren EM 2008"]
[Site "Hamburg"]
[Date "2008.11.01"]
[Round "6.3"]
[White "Jacoby, Gisbert"]
[Black "Ristic, Sreten"]
[Result "1-0"]
[WhiteElo "2186"]
[BlackElo "1937"]
[PlyCount "57"]
[EventDate "2008.??.??"]
[WhiteTeam "Koenigsspr.SC.1984 e.V."]
[BlackTeam "Altonaer SK 1873 eV"]

1. e4 d5 2. exd5 Qxd5 3. Nc3 Qa5 4. d4 c6 5. Bc4 Bf5 6. Bd2 Qc7 7. g4 Bg6 8. f4
f6 9. Nge2 Nh6 10. f5 Bf7 11. Bxf7+ Nxf7 12. Nf4 Na6 13. Qe2 O-O-O 14. Ne6 Qd7
15. O-O-O Re8 16. Ne4 g5 17. Be1 Kb8 18. Bg3+ Nd6 19. N4c5 Qc8 20. Nxa6+ bxa6
21. c4 Kb7 22. c5 h6 23. cxd6 exd6 24. Rd3 Rh7 25. Ra3 d5 26. Qxa6+ Ka8 27.
Qxc8+ Rxc8 28. Nxf8 Rxf8 29. Re1 1-0

[Event "15. Offene HH Senioren EM 2008"]
[Site "Hamburg"]
[Date "2008.11.01"]
[Round "6.4"]
[White "Diehl, Walter"]
[Black "Gollasch, Theo Heinz"]
[Result "0-1"]
[WhiteElo "1931"]
[BlackElo "2109"]
[PlyCount "108"]
[EventDate "2008.??.??"]
[WhiteTeam "Altonaer SK 1873 eV"]
[BlackTeam "Hamburger SK von 1830 eV"]

1. e4 d5 2. exd5 Qxd5 3. Nc3 Qd6 4. d4 Nf6 5. Nb5 Qb6 6. c4 c6 7. Nc3 g6 8. Nf3
Bf5 9. Be2 Bg7 10. O-O O-O 11. Nh4 Bd7 12. b3 Qc7 13. Nf3 Rd8 14. Be3 Ng4 15.
h3 Nxe3 16. fxe3 e5 17. Rc1 exd4 18. Nxd4 Qe5 19. Rf3 Bf5 20. g4 Bxg4 21. hxg4
c5 22. Nd5 cxd4 23. Qf1 Nc6 24. Qh3 dxe3 25. Re1 Qg5 26. Kg2 h5 27. Rxe3 hxg4
28. Qxg4 Rxd5 29. cxd5 Qxe3 30. dxc6 bxc6 31. Rf1 Qd2 32. Rf2 Qd5+ 33. Bf3 Qc5
34. Qd7 Bd4 35. Bxc6 Qg5+ 36. Kf1 Bxf2 37. Bxa8 Qg1+ 38. Ke2 Bd4 39. Qe8+ Kg7
40. Kd3 Bf6 41. Qe3 Qb1+ 42. Kc4 Qxa2 43. Bd5 Qa6+ 44. Kb4 Qb6+ 45. Qxb6 axb6
46. Kc4 Be5 47. Kd3 f5 48. Ke3 Kh6 49. Be6 Bd6 50. Kf3 Kg5 51. Bf7 Kf6 52. Be8
g5 53. Bc6 g4+ 54. Kg2 f4 0-1

[Event "15. Offene HH Senioren EM 2008"]
[Site "Hamburg"]
[Date "2008.11.01"]
[Round "6.5"]
[White "Gehrke, Rolf"]
[Black "Schierholz, Guenter"]
[Result "1-0"]
[WhiteElo "2052"]
[BlackElo "1871"]
[PlyCount "117"]
[EventDate "2008.??.??"]
[WhiteTeam "SC Concordia SAbt Palamedes"]
[BlackTeam "Koenigsspr.SC.1984 e.V."]

1. Nf3 d5 2. g3 Nf6 3. Bg2 c6 4. O-O e6 5. d4 Nbd7 6. c4 a6 7. a4 g6 8. Nc3 Bg7
9. Re1 O-O 10. e4 dxe4 11. Nxe4 Nxe4 12. Rxe4 Nf6 13. Re1 Qe7 14. b3 Rd8 15.
Ba3 Qc7 16. Qe2 b6 17. Bc1 Bb7 18. Bf4 Qe7 19. Rad1 Rac8 20. Ne5 Nh5 21. Bc1
Nf6 22. Bb2 Ne8 23. Qe3 Nf6 24. h4 Nd7 25. h5 Nxe5 26. dxe5 c5 27. h6 Bh8 28.
Qe2 Bxg2 29. Kxg2 Qb7+ 30. Kh2 Qc7 31. Rxd8+ Rxd8 32. Rd1 Kf8 33. Rd6 Qb8 34.
Rxd8+ Qxd8 35. Qf3 Qc8 36. Qe4 Ke8 37. f3 a5 38. Kg2 Ke7 39. g4 Qb8 40. f4 f6
41. f5 gxf5 42. gxf5 fxe5 43. fxe6 Qg8+ 44. Kf2 Qg6 45. Qb7+ Kxe6 46. Qxb6+ Kf5
47. Qxc5 Qf6 48. Ke2 Kg6 49. Bc1 e4 50. Qg1+ Kf5 51. Qf2+ Ke6 52. Qxf6+ Bxf6
53. Bd2 Bd8 54. Bc3 Bb6 55. Bd2 Ke5 56. Be3 Bc7 57. Ba7 Bd8 58. Bg1 Bc7 59.
Bh2+ 1-0

[Event "15. Offene HH Senioren EM 2008"]
[Site "Hamburg"]
[Date "2008.11.01"]
[Round "6.6"]
[White "Dangelowski, Peter"]
[Black "Weiss, Siegfried"]
[Result "0-1"]
[WhiteElo "1791"]
[BlackElo "2056"]
[PlyCount "70"]
[EventDate "2008.??.??"]
[WhiteTeam "Pinneberger SC 1932 eV"]
[BlackTeam "Koenigsspr.SC.1984 e.V."]

1. d4 e6 2. Bf4 c5 3. e3 Qb6 4. b3 d5 5. Nf3 Nc6 6. Be2 Nf6 7. h3 Be7 8. O-O
O-O 9. c3 Ne4 10. Bd3 f5 11. Ne5 cxd4 12. Nxc6 bxc6 13. cxd4 c5 14. Be5 Bd7 15.
f3 Nf6 16. Nd2 Rac8 17. Qe2 f4 18. Kh2 Nh5 19. dxc5 Bxc5 20. exf4 Nxf4 21. Bxf4
Rxf4 22. g3 Rff8 23. f4 Ba3 24. Qh5 Rf5 25. Bxf5 exf5 26. Qe2 Bb5 27. Qe5 Kh8
28. Rg1 Bc5 29. Rg2 Bd3 30. Re1 h6 31. Qxd5 Rd8 32. Qe6 Qb4 33. Qc6 Bb5 34. a3
Bxc6 35. axb4 Bxb4 0-1

[Event "15. Offene HH Senioren EM 2008"]
[Site "Hamburg"]
[Date "2008.11.01"]
[Round "6.7"]
[White "Raedisch, Peter"]
[Black "Schulz, Hans Juergen"]
[Result "0-1"]
[WhiteElo "1817"]
[BlackElo "2015"]
[PlyCount "68"]
[EventDate "2008.??.??"]
[WhiteTeam "SF Hamburg eV 1934"]
[BlackTeam "Hamburger SK von 1830 eV"]

1. e4 e5 2. Nf3 d5 3. exd5 e4 4. Qe2 Qe7 5. Nd4 Qe5 6. Qb5+ Nd7 7. c3 Ngf6 8.
Bc4 Bd6 9. Ne2 O-O 10. Ng3 a6 11. Qb3 Nc5 12. Qc2 Nd3+ 13. Kf1 Re8 14. Na3 Ng4
15. Bxd3 exd3 16. Qd1 Bc5 17. Nc4 Qf4 18. Qf3 Qxc4 19. b3 Qb5 20. c4 Qd7 21.
Bb2 Nxf2 22. Rg1 Qg4 23. Nh5 Qxf3 24. gxf3 Bh3+ 25. Rg2 Bxg2+ 26. Kxg2 Re2 27.
Kg3 Rxd2 28. Bxg7 Rd1 29. b4 Rxa1 30. Bxa1 d2 31. Nf6+ Kf8 32. Nd7+ Ke7 33.
Nxc5 Nh1+ 34. Kf4 d1=Q 0-1

[Event "15. Offene HH Senioren EM 2008"]
[Site "Hamburg"]
[Date "2008.11.01"]
[Round "6.8"]
[White "Klinkow, Alexander"]
[Black "Bahr, Peter"]
[Result "0-1"]
[WhiteElo "1617"]
[BlackElo "2028"]
[PlyCount "124"]
[EventDate "2008.??.??"]
[WhiteTeam "SF Wedel"]
[BlackTeam "SF Sasel 1947"]

1. d4 d5 2. c4 c6 3. Nf3 Nf6 4. e3 a6 5. cxd5 cxd5 6. Bd3 Bg4 7. Qa4+ Bd7 8.
Qb3 b5 9. Nc3 e6 10. Ne5 Be7 11. Bd2 O-O 12. a3 Nc6 13. Nxc6 Bxc6 14. O-O Qd6
15. f3 e5 16. dxe5 Qxe5 17. Ne2 Bd6 18. f4 Qh5 19. Ng3 Qg4 20. Bf5 Qh4 21. Bh3
g6 22. Rac1 Bb7 23. Bc3 Ng4 24. Bd4 h5 25. Qd1 Rfe8 26. Rf3 Qe7 27. Qd3 Bc8 28.
Qc3 Bd7 29. Nf1 Rac8 30. Qd2 Rc4 31. Rxc4 dxc4 32. Qa5 Bc8 33. Nd2 Bb7 34. Bxg4
hxg4 35. Rg3 Qd7 36. Qc3 Be7 37. Bh8 Bf8 38. Bd4 Bh6 39. h3 f5 40. Nf3 gxf3 41.
gxf3 Kh7 42. h4 Bg7 43. Bxg7 Qxg7 44. Kf2 Qxc3 45. bxc3 Rd8 46. h5 Rd2+ 47. Ke1
Rd6 48. hxg6+ Rxg6 49. Rh3+ Kg7 50. Rh5 Bc8 51. Rg5 Kh6 52. Rxg6+ Kxg6 53. e4
fxe4 54. fxe4 Bb7 55. Ke2 Bxe4 56. Ke3 Kf5 57. Kd4 Kxf4 58. a4 Bc6 59. a5 Be8
60. Kc5 Ke4 61. Kb6 b4 62. cxb4 Bb5 0-1

[Event "15. Offene HH Senioren EM 2008"]
[Site "Hamburg"]
[Date "2008.11.01"]
[Round "6.9"]
[White "Scheinpflug, Michael"]
[Black "Marquardt, Rolf"]
[Result "0-1"]
[WhiteElo "1814"]
[BlackElo "1778"]
[PlyCount "70"]
[EventDate "2008.??.??"]
[WhiteTeam "SF Wedel"]
[BlackTeam "Langenhorner SF 1928"]

1. d4 e6 2. c4 d5 3. e3 Nf6 4. Nf3 c6 5. Nc3 Nbd7 6. a3 Bd6 7. c5 Bc7 8. b4 O-O
9. Bd3 Re8 10. Bb2 e5 11. dxe5 Nxe5 12. Nxe5 Bxe5 13. O-O Bxh2+ 14. Kh1 Be5 15.
Be2 Ne4 16. g3 Bxc3 17. Qc2 Bxb2 18. Qxb2 Qf6 19. Qxf6 Nxf6 20. Rfd1 Bg4 21.
Bxg4 Nxg4 22. Kg2 Re6 23. Rh1 g6 24. Rad1 h5 25. Rd4 Rae8 26. Rhd1 Nh6 27. b5
Nf5 28. R4d3 Re4 29. Rc3 h4 30. g4 Rxg4+ 31. Kh3 Rge4 32. Rdd3 g5 33. f3 Rxe3
34. Rxe3 Rxe3 35. Rxe3 Nxe3 0-1

[Event "15. Offene HH Senioren EM 2008"]
[Site "Hamburg"]
[Date "2008.11.01"]
[Round "6.10"]
[White "Brueckner, Gerhard"]
[Black "Cassens, Erhard Otto"]
[Result "1-0"]
[WhiteElo "1867"]
[BlackElo "1785"]
[PlyCount "39"]
[EventDate "2008.??.??"]
[WhiteTeam "Pinneberger SC 1932 eV"]
[BlackTeam "SAbt SV Lurup Hamb. 1923"]

1. e4 e6 2. d4 d5 3. e5 c5 4. c3 Nc6 5. Nf3 cxd4 6. cxd4 Bb4+ 7. Nc3 f6 8. Bd3
fxe5 9. Nxe5 Nxe5 10. dxe5 Qc7 11. O-O Bxc3 12. bxc3 Ne7 13. Ba3 Qxe5 14. Re1
Qxc3 15. Re3 Qa5 16. Qh5+ Kd8 17. Bxe7+ Kxe7 18. Qg5+ Kd6 19. Qe5+ Kc6 20. Rc1+
1-0

[Event "15. Offene HH Senioren EM 2008"]
[Site "Hamburg"]
[Date "2008.11.01"]
[Round "6.11"]
[White "Gette, Viktor"]
[Black "Zippert, Georg"]
[Result "1-0"]
[WhiteElo "1500"]
[BlackElo "1929"]
[PlyCount "57"]
[EventDate "2008.??.??"]
[WhiteTeam "Koenigsspr.SC.1984 e.V."]
[BlackTeam "SF Hamburg eV 1934"]

1. d4 Nf6 2. Nf3 d5 3. e3 e6 4. c4 Nbd7 5. a3 c5 6. dxc5 Nxc5 7. b4 Nce4 8. c5
Be7 9. Bb2 O-O 10. Bd3 Qc7 11. Qc2 Bd7 12. Nbd2 Nxd2 13. Nxd2 e5 14. e4 Bc6 15.
O-O Rac8 16. exd5 Bxd5 17. Rfe1 Nd7 18. Bxh7+ Kh8 19. Bf5 Be6 20. Re3 Bg5 21.
Rh3+ Bh6 22. Bxe6 fxe6 23. Nf3 Rf4 24. Re1 Rcf8 25. Ng5 e4 26. Bxg7+ Kxg7 27.
Nxe6+ Kg8 28. Nxc7 Rxf2 29. Qxf2 1-0

[Event "15. Offene HH Senioren EM 2008"]
[Site "Hamburg"]
[Date "2008.11.01"]
[Round "6.12"]
[White "Voss, Werner"]
[Black "Warneke, Perygrin"]
[Result "1/2-1/2"]
[WhiteElo "1857"]
[BlackElo "1352"]
[PlyCount "90"]
[EventDate "2008.??.??"]
[WhiteTeam "SK Caissa Rahlstedt"]
[BlackTeam "SF Sasel 1947"]

1. e4 e6 2. c4 c5 3. Nc3 Nc6 4. Nf3 d6 5. d4 cxd4 6. Nxd4 Nf6 7. Be2 Be7 8. O-O
O-O 9. Re1 Qc7 10. Bg5 a6 11. Rc1 Re8 12. Bf3 Bd7 13. Bh4 Rec8 14. Bg3 Qb6 15.
Nb3 Be8 16. Bf4 Na5 17. Be3 Qc7 18. Nxa5 Qxa5 19. b3 Bc6 20. Qd2 Ra7 21. h3 Qd8
22. Rcd1 b5 23. cxb5 Bxb5 24. Nxb5 axb5 25. g4 e5 26. g5 Ne8 27. Bg4 Rac7 28.
Bxc8 Qxc8 29. Kg2 Qb7 30. Qd5 Qb8 31. Rc1 g6 32. Rc6 Kf8 33. Rec1 Kg7 34. Bb6
Bxg5 35. R1c2 Rxc6 36. Qxc6 Bd8 37. Be3 Bc7 38. Qd7 Qb7 39. f3 Qb8 40. Kf2 Bb6
41. Rc3 Nf6 42. Qc6 Bxe3+ 43. Rxe3 Qa7 44. Qxb5 Qxa2+ 45. Qe2 Qa7 1/2-1/2

[Event "15. Offene HH Senioren EM 2008"]
[Site "Hamburg"]
[Date "2008.11.01"]
[Round "6.13"]
[White "Lubisch, Gerwalt"]
[Black "Stubbe, Werner"]
[Result "1/2-1/2"]
[WhiteElo "1472"]
[BlackElo "1723"]
[PlyCount "53"]
[EventDate "2008.??.??"]
[WhiteTeam "SVG Blankenese"]
[BlackTeam "Niendorfer TSV 1919 SAbt"]

1. e4 c6 2. f4 d5 3. e5 h5 4. Nf3 Bg4 5. Be2 e6 6. O-O Nd7 7. d4 Be7 8. h3 Bf5
9. Bd3 Nh6 10. Nc3 Rg8 11. Ng5 Bxd3 12. Qxd3 g6 13. Ne2 Qb6 14. c4 dxc4 15.
Qxc4 Bxg5 16. fxg5 Nxe5 17. Qb3 Qxb3 18. axb3 Nf5 19. dxe5 a6 20. Nc3 O-O-O 21.
Bf4 Rd4 22. g3 Rb4 23. Ra3 Rd8 24. Na4 Rd5 25. Rc1 Rd3 26. Nc5 Rd5 27. Ra4
1/2-1/2

[Event "15. Offene HH Senioren EM 2008"]
[Site "Hamburg"]
[Date "2008.11.01"]
[Round "6.14"]
[White "Hermann, Armin"]
[Black "Hadenfeldt, Klaus"]
[Result "1/2-1/2"]
[WhiteElo "1756"]
[BlackElo "1773"]
[PlyCount "25"]
[EventDate "2008.??.??"]
[WhiteTeam "Ahrensburger TSV"]
[BlackTeam "Hamburger SK von 1830 eV"]

1. Nf3 d5 2. d4 Nf6 3. e3 c6 4. Nbd2 Nbd7 5. Bd3 e6 6. O-O Bd6 7. c4 O-O 8. Qe2
e5 9. dxe5 Nxe5 10. Nxe5 Bxe5 11. Nf3 Bc7 12. cxd5 cxd5 13. Re1 {(=)} 1/2-1/2

[Event "15. Offene HH Senioren EM 2008"]
[Site "Hamburg"]
[Date "2008.11.01"]
[Round "6.15"]
[White "Keuneke, Hanno"]
[Black "Baumann, Siegfried"]
[Result "0-1"]
[WhiteElo "1694"]
[BlackElo "1544"]
[PlyCount "120"]
[EventDate "2008.??.??"]
[WhiteTeam "Langenhorner SF 1928"]
[BlackTeam "SK Caissa Rahlstedt"]

1. e4 e5 2. Nf3 Nc6 3. Bb5 d6 4. d4 exd4 5. Nxd4 Bd7 6. Nc3 Nxd4 7. Qxd4 Bxb5
8. Nxb5 a6 9. Nc3 Nf6 10. Bg5 Be7 11. O-O-O O-O 12. f3 h6 13. Be3 Nd7 14. e5
Nxe5 15. Rhe1 Nc6 16. Qg4 Ne5 17. Qe4 Rb8 18. f4 Nc6 19. Nd5 Re8 20. Qf5 Qc8
21. Qh5 Bf8 22. g4 Re6 23. f5 Re4 24. Bxh6 Rxe1 25. Rxe1 Ne5 26. Bf4 c6 27.
Bxe5 cxd5 28. Bc3 Qc4 29. g5 Qf4+ 30. Bd2 Qxf5 31. h4 Rc8 32. c3 d4 33. Qe2
dxc3 34. Bxc3 Qf4+ 35. Kb1 Qxh4 36. Qg2 d5 37. Qxd5 Rxc3 38. Rh1 Rh3 39. Rxh3
Qxh3 40. Qxb7 Qf1+ 41. Kc2 Qe2+ 42. Kc3 Qe3+ 43. Kc2 Qc5+ 44. Kb1 a5 45. Qg2 a4
46. g6 Qf5+ 47. Kc1 Qxg6 48. Qa8 Qg5+ 49. Kb1 Qf5+ 50. Kc1 g5 51. b3 axb3 52.
axb3 Kg7 53. Qa1+ Qf6 54. Qa5 Bd6 55. Kc2 Qg6+ 56. Kc3 g4 57. Qd5 Qf6+ 58. Kc2
g3 59. Kd3 Qg6+ 60. Ke2 Qe6+ 0-1

[Event "15. Offene HH Senioren EM 2008"]
[Site "Hamburg"]
[Date "2008.11.01"]
[Round "6.16"]
[White "Bobzin, Volker"]
[Black "Funke, Hermann"]
[Result "1-0"]
[WhiteElo "1476"]
[BlackElo "1418"]
[PlyCount "111"]
[EventDate "2008.??.??"]
[WhiteTeam "Schachfreunde Hamburg v. 1934 eV"]
[BlackTeam "SK Johanneum Eppendorf"]

1. d4 d5 2. c4 c6 3. Nc3 e5 4. dxe5 d4 5. Ne4 Qa5+ 6. Nd2 Nd7 7. f4 f6 8. e6
Nb6 9. b3 Bxe6 10. Bb2 O-O-O 11. Ngf3 Bc5 12. a3 Nh6 13. b4 Bxb4 14. axb4 Qxb4
15. Bxd4 Kb8 16. Rb1 Qa5 17. Bxb6 axb6 18. Ra1 Qc5 19. Qb3 Bf5 20. h3 Rhe8 21.
Qa3 Re3 22. Qxc5 bxc5 23. Kf2 Rde8 24. Re1 R3e7 25. g4 Bc8 26. e4 Nf7 27. Bd3
b6 28. Re3 f5 29. gxf5 Bxf5 30. e5 g6 31. h4 Bg4 32. Ne4 Bxf3 33. Rxf3 Nd8 34.
Nd6 Rf8 35. Kg3 Ne6 36. Rhf1 Nd4 37. Re3 Kc7 38. Ra1 Kb8 39. Ra6 Ra7 40. Rxa7
Kxa7 41. Be4 Kb8 42. f5 gxf5 43. Bxf5 Nxf5+ 44. Nxf5 Rxf5 45. e6 Rf8 46. Kg4
Kc7 47. e7 Re8 48. Kf5 b5 49. cxb5 cxb5 50. Ke6 c4 51. Rc3 h5 52. Rc2 Rh8 53.
Rf2 c3 54. Rf8 Rh6+ 55. Ke5 c2 56. e8=Q 1-0

[Event "15. Offene HH Senioren EM 2008"]
[Site "Hamburg"]
[Date "2008.11.01"]
[Round "6.17"]
[White "Nendza, Jan"]
[Black "Seemann, Hans Siegfried"]
[Result "0-1"]
[WhiteElo "1467"]
[BlackElo "1779"]
[PlyCount "144"]
[EventDate "2008.??.??"]
[WhiteTeam "SAbt Gehörlosen SPV 04"]
[BlackTeam "Koenigsspr.SC.1984 e.V."]

1. e4 e5 2. Nf3 Nc6 3. Bc4 Nf6 4. Ng5 d5 5. Bd3 h6 6. Nh3 Bc5 7. exd5 Qxd5 8.
Nc3 Qxg2 9. Rf1 Bxh3 10. Qe2 O-O-O 11. Bb5 Nd4 12. Qc4 Nxb5 13. Nxb5 Qxf1+ 14.
Qxf1 Bxf1 15. Kxf1 a6 16. Nc3 Bb4 17. Nb1 Ng4 18. h3 Nf6 19. a3 Bc5 20. d3 Rhe8
21. b4 Bd4 22. c3 Bb6 23. Ke2 e4 24. d4 Nd5 25. Bb2 Nf4+ 26. Ke3 Nd3 27. Ra2 f5
28. Nd2 Nxb2 29. Rxb2 g5 30. Nc4 f4+ 31. Ke2 Bxd4 32. cxd4 Rxd4 33. Rc2 Red8
34. Nb6+ Kb8 35. Nc4 f3+ 36. Ke3 b5 37. Ne5 Kb7 38. Nc6 Rd3+ 39. Kxe4 R8d6 40.
Na5+ Kc8 41. Nc6 Rxa3 42. Nd4 Rb3 43. Nc6 Re6+ 44. Ne5 Rxb4+ 45. Kf5 Rxe5+ 46.
Kxe5 Rh4 47. Kf5 Rf4+ 48. Kg6 Re4 49. Rc3 g4 50. hxg4 Rxg4+ 51. Kxh6 Rf4 52.
Kg5 Rf8 53. Kg4 a5 54. Kg3 c6 55. Rxc6+ Kb7 56. Rh6 a4 57. Re6 a3 58. Re3 a2
59. Ra3 Ra8 60. Rxa2 Rxa2 61. Kxf3 Kc6 62. Ke3 Kc5 63. f4 Kc4 64. f5 Kc3 65. f6
Ra8 66. Ke4 b4 67. Ke5 Ra6 68. Kf5 Rxf6+ 69. Kxf6 b3 70. Ke5 b2 71. Ke4 b1=Q+
72. Ke5 Qg6 0-1

[Event "15. Offene HH Senioren EM 2008"]
[Site "Hamburg"]
[Date "2008.11.01"]
[Round "6.18"]
[White "Horstmann, Axel"]
[Black "Berking, Bernhard"]
[Result "1/2-1/2"]
[WhiteElo "1581"]
[BlackElo "1526"]
[PlyCount "60"]
[EventDate "2008.??.??"]
[WhiteTeam "Hamburger SK von 1830 eV"]
[BlackTeam "SVG Blankenese"]

1. e4 c5 2. Nf3 d6 3. d4 cxd4 4. Nxd4 Nf6 5. Nc3 a6 6. Be2 e5 7. Nb3 Be7 8. O-O
O-O 9. Be3 b5 10. a3 Bb7 11. f3 Nbd7 12. Kh1 Rc8 13. Bd3 Nc5 14. Nc1 Rc7 15.
N1e2 Nxd3 16. cxd3 Qd7 17. d4 Kh8 18. Qe1 Ng8 19. Rd1 Qe8 20. dxe5 dxe5 21. Nd5
Bxd5 22. Rxd5 f6 23. Ng3 Qc8 24. Nf5 Bc5 25. Bxc5 Rxc5 26. Rxc5 Qxc5 27. Qd2
Rc8 28. Nd6 Rc7 29. h3 h6 30. Nf5 Kh7 1/2-1/2

[Event "15. Offene HH Senioren EM 2008"]
[Site "Hamburg"]
[Date "2008.11.01"]
[Round "6.20"]
[White "Zimmermann, Manfred"]
[Black "Soerens, Meno"]
[Result "1-0"]
[WhiteElo "1879"]
[BlackElo "1479"]
[PlyCount "43"]
[EventDate "2008.??.??"]
[WhiteTeam "Pinneberger SC 1932 eV"]
[BlackTeam "Schachfreunde Hamburg v. 1934 eV"]

1. e4 e5 2. f4 Bc5 3. Nf3 d6 4. Bc4 exf4 5. d4 Bb6 6. Bxf4 Nf6 7. O-O O-O 8.
Bd3 Bg4 9. c3 Nh5 10. Be3 Nf6 11. Qc2 g6 12. Kh1 Bxf3 13. Rxf3 Ng4 14. Bc1 Qh4
15. h3 Nd7 16. Bf4 Ngf6 17. Qd2 Qh5 18. Na3 Qa5 19. Nc4 Qh5 20. Bg5 Kg7 21.
Raf1 Ne8 22. g4 1-0

[Event "15. Offene HH Senioren EM 2008"]
[Site "Hamburg"]
[Date "2008.11.01"]
[Round "6.21"]
[White "Schleu, Günther"]
[Black "Graffenberger, Marianne"]
[Result "1/2-1/2"]
[WhiteElo "1254"]
[BlackElo "1500"]
[PlyCount "73"]
[EventDate "2008.??.??"]
[WhiteTeam "Pinneberger SC 1932 eV"]
[BlackTeam "Hamburger SK von 1830 eV"]

1. d4 d5 2. Nf3 Nf6 3. Bf4 Nbd7 4. Nbd2 g6 5. h3 Bg7 6. e3 O-O 7. Be2 b6 8. O-O
Bb7 9. c4 c5 10. Rc1 e6 11. a3 a5 12. cxd5 Nxd5 13. Bg3 Ne7 14. Rc2 Nf5 15. Bh2
Re8 16. Qc1 e5 17. dxe5 Nxe5 18. Nxe5 Bxe5 19. Bxe5 Rxe5 20. Nf3 Re8 21. Rd2
Qf6 22. Rfd1 Rad8 23. Rxd8 Rxd8 24. Rxd8+ Qxd8 25. Qc3 Bxf3 26. Bxf3 Qc7 27.
Be2 Qd6 28. Qb3 Qf6 29. Bc4 Kg7 30. a4 h5 31. Qc2 Nd6 32. Bd5 Nf5 33. b3 Ne7
34. Bc4 Qa1+ 35. Kh2 Qe5+ 36. Kg1 Qa1+ 37. Kh2 1/2-1/2

[Event "15. Offene HH Senioren EM 2008"]
[Site "Hamburg"]
[Date "2008.11.01"]
[Round "6.24"]
[White "Manowski, Werner"]
[Black "Falk, Rolf"]
[Result "1-0"]
[WhiteElo "1403"]
[BlackElo "1080"]
[PlyCount "81"]
[EventDate "2008.??.??"]
[WhiteTeam "Langenhorner SF 1928"]
[BlackTeam "Koenigsspr.SC.1984 e.V."]

1. d4 d5 2. Nf3 Nc6 3. Bf4 Bg4 4. Nbd2 e6 5. e3 a6 6. c3 Be7 7. a4 Nf6 8. h3
Bf5 9. b4 Ne4 10. Nxe4 dxe4 11. Nd2 O-O 12. Nb3 Bg5 13. Bg3 Bf6 14. Qc2 Qe7 15.
Be2 Rfd8 16. Nc5 Ra7 17. O-O e5 18. Nxe4 exd4 19. Nxf6+ Qxf6 20. e4 Bg6 21.
Bxc7 Rd7 22. Bb6 Ra8 23. Rad1 Re8 24. f3 Qf4 25. Qd2 Qe5 26. b5 Nb8 27. Bxd4
Qc7 28. Qb2 f6 29. b6 Qc6 30. a5 Bf7 31. Rd2 Qe6 32. c4 Nc6 33. Bc3 Rxd2 34.
Bxd2 Rd8 35. Bc3 Rd6 36. c5 Rd7 37. Rd1 Rxd1+ 38. Bxd1 Ne5 39. Qd2 h6 40. Qd6
Qd7 41. Bxe5 1-0

[Event "15. Offene HH Senioren EM 2008"]
[Site "Hamburg"]
[Date "2008.11.01"]
[Round "6.25"]
[White "Meyer, Hans-Georg"]
[Black "Ramm, Helga"]
[Result "1-0"]
[WhiteElo "1358"]
[BlackElo "919"]
[PlyCount "77"]
[EventDate "2008.??.??"]
[WhiteTeam "Bramfelder SK 1947"]
[BlackTeam "Niendorfer TSV 1919 SAbt"]

1. d4 Nf6 2. c4 d6 3. Nc3 Bd7 4. Nf3 e5 5. dxe5 dxe5 6. Nxe5 Be7 7. b3 c5 8. e3
Qc7 9. Nf3 Qa5 10. Bd2 Qc7 11. g3 Nc6 12. Bg2 O-O 13. O-O a6 14. Qc2 g6 15.
Rad1 Bf5 16. Qb2 Rad8 17. Bc1 Qc8 18. Rfe1 Bh3 19. Qe2 Bxg2 20. Kxg2 Nh5 21.
Nd5 Qg4 22. Nxe7+ Nxe7 23. Bb2 Rfe8 24. Ne5 Nf4+ 25. exf4 Qc8 26. Kg1 Nf5 27.
Qf1 b6 28. Nd7 Rxe1 29. Qxe1 Re8 30. Nf6+ Kf8 31. Nxe8 Ne7 32. Nd6 Qc6 33. Qe4
Qxe4 34. Nxe4 f5 35. Nf6 Kf7 36. Rd7 Ke6 37. Rb7 b5 38. cxb5 a5 39. Nxh7 1-0